| 000 | 00360nam a2200133Ia 4500 | ||
|---|---|---|---|
| 008 | 220216s9999 xx 000 0 und d | ||
| 245 | 0 | _aControlled wintering for avoiding secondary leaf fall | |
| 260 |
_bPlanters Bulletin _c1971 |
||
| 300 | _a297-301 | ||
| 650 | _aChemical defoliation | ||
| 650 | _aSecondary leaf fall | ||
| 650 | _aWintering | ||
| 942 | _cJS | ||
| 999 |
_c56352 _d56352 |
||